00895naa#a2200193#i#4500001002100000005001700021011001400038100004100052101000800093102000700101200024500108210016900353215001000522608004500532700002800577700005200605700003000657856001400687RU\INFRA-M\bibl\399620260414143353.2##a2075-4094##a20141105b2014####ek#y0rusy0150####ca0#aRUS##aRU1#aПроблема заболеваемости инфекциями, передающимися половым путем, подросткового населения Ульяновской областиeЖурнальная статья1#aМоскваcОбщество с ограниченной ответственностью «Научно-издательский центр ИНФРА-М»d2014##a0 с.##aЖурнальная статья2local#1aКачаеваgЮ. И.#1aБлиновgДмитрий Сергеевич#1aСемелеваgЕ. В.4#azh-szf.ru